Premier League Appearances by Nationality: Uruguay - Statistics

General Stats
  • This quiz has been taken 10 times
  • The average score is 4 of 10
Answer Stats
Appearances Player % Correct
110 Luis Suarez
100%
46 Manuel Ugarte
78%
104 Rodrigo Bentancur
78%
95 Darwin Nunez
67%
63 Diego Forlan
56%
186 Gustavo Poyet
22%
63 Lucas Torreira
22%
56 Santiago Bueno
11%
94 Gaston Ramirez
0%
66 Miguel Britos
0%
No matching quizzes found
Score Distribution
Percent of People with Each Score
Percentile by Number Answered
Your Score History
You have not taken this quiz